Welcome to the Holygrace Academy Library

Please use search bar below to get started

HAVE A GO (Record no. 2541)

MARC details
000 -LEADER
fixed length control field 00240nam a22001217a 4500
082 ## - DEWEY DECIMAL CLASSIFICATION NUMBER
Classification number 823
Item number MUR/H
100 ## - MAIN ENTRY--AUTHOR NAME
Personal name MURRAY, W
245 ## - TITLE STATEMENT
Title HAVE A GO
260 ## - PUBLICATION, DISTRIBUTION, ETC. (IMPRINT)
Place of publication UK
Name of publisher LADY BIRD
300 ## - PHYSICAL DESCRIPTION
Number of Pages 51
650 ## - SUBJECT ADDED ENTRY--TOPICAL TERM
Topical Term ENGLISH SHORT STORY
Geographic subdivision UK
942 ## - ADDED ENTRY ELEMENTS (KOHA)
Koha item type Books
Holdings
Withdrawn status Lost status Collection code Home library Current library Shelving location Date acquired Source of acquisition Full call number Accession Number Koha item type
    Fiction Main Library Main Library SHELF 3- C- LADY BIRD STORY BOOKS 14/05/2014 PURCHASE 823 MUR/H 08975 Books